| 000 | 00669nam a22002417a 4500 | ||
|---|---|---|---|
| 999 |
_c8569 _d8569 |
||
| 003 | AR-CdUCM | ||
| 008 | 190325b ||||| |||| 00| 0 spa d | ||
| 040 |
_aMUNICIPALIDAD PROVINCIAL DEL CUSCO _cBIBLIOTECA MUNICIPAL DEL CUSCO |
||
| 041 | _hrus | ||
| 082 |
_a891.7 / _bSH47 |
||
| 100 |
_aSholojov, Mijail _98367 |
||
| 245 | _aCampos Roturados / | ||
| 260 |
_aMoscu : _bProgreso, |
||
| 300 |
_a413 paginas ; _c20 cm. |
||
| 500 | _aObras selectas de la literatura soviética | ||
| 650 |
_aNovelas _9218 |
||
| 650 |
_aRusas _924000 |
||
| 650 |
_aSiglo XX _98 |
||
| 650 |
_aLiteratura _983 |
||
| 700 |
_aHerráiz, A. _924001 |
||
| 942 |
_2ddc _cLIBROS |
||
| 945 | _apjha | ||